000
00291nam a22001337a 4500
003
SGT
100
_a
GOYAL, R.K
245
_a
A TEXT BOOK OF HOSPITAL PHARMACY
250
_a
4th
260
_a
B.S. SHAH
_b
DELHI
_c
1993
650
_a
PHARMACY
653
_a
HOSPITAL, PHARMACY
942
_2
ddc
_c
BK
999
_c
24629
_d
24629